000 00298nam a22001337a 4500
008 170613b xxu||||| |||| 00| 0 eng d
020 _a
041 _aeng
080 _a328
100 _a19
101 _aSHP
245 _aAN INTRODUCTION TO COMPARATIVE GOVERNMENT
_cBLONDEL,J
942 _2udc
_cBK
999 _c17168
_d17168